[Event "GER-chT U20"]
[Site "Duesseldorf"]
[Date "2017.12.28"]
[Round "4.3"]
[White "Uksini, Bardhyl"]
[Black "Kettler, Ilija Jonas"]
[Result "0-1"]
[WhiteElo "2331"]
[BlackElo "2032"]
[PlyCount "82"]
[EventDate "2017.12.27"]
[EventType "team-swiss"]
[EventRounds "7"]
[EventCountry "GER"]
[SourceTitle "CBM 182 Extra"]
[Source "ChessBase"]
[SourceDate "2018.02.23"]
[SourceVersion "1"]
[SourceVersionDate "2018.02.23"]
[SourceQuality "1"]
[WhiteTeam "Hamburger SK U20"]
[BlackTeam "Lippstadt Turm U20"]
[WhiteTeamCountry "GER"]
[BlackTeamCountry "GER"]

1. Nf3 Nf6 2. g3 b6 3. Bg2 Bb7 4. c4 e6 5. 0-0 Be7 6. Nc3 0-0 7. d4 c6 8. e3 d5 9. b3 Nbd7 10. Bb2 Rc8 11. Qe2 c5 12. cxd5 Nxd5 13. Nxd5 exd5 14. Rac1 Bf6 15. Rfd1 Re8 16. dxc5 Nxc5 17. Bxf6 Qxf6 18. Nd4 Ne4 19. Qb2 h5 20. h4 Ba6 21. Bf3 g6 22. Qa3 Be2 23. Bxe4 Bxd1 24. Bxd5 Rxc1 25. Qxc1 Bg4 26. Qc7 Re7 27. Qb8+ Kg7 28. Kg2 Qe5 29. Qa8 Rc7 30. b4 Rc8 31. Qb7 Rc7 32. Qa8 Bd7 33. b5 Rc5 34. Bb3 Qc7 35. a4 Bc8 36. Bd5 Qd7 37. Bc6 Qh3+ 38. Kf3 Qg4+ 39. Kg2 Rc1 40. Nb3 Qh3+ 41. Kf3 Rc2 0-1